Managing the profitable construction business : (Record no. 21281)
[ view plain ]
| 000 -LEADER | |
|---|---|
| fixed length control field | 03395cam a2200709Ii 4500 |
| 001 - CONTROL NUMBER | |
| control field | ocn875884941 |
| 003 - CONTROL NUMBER IDENTIFIER | |
| control field | OCoLC |
| 005 - DATE AND TIME OF LATEST TRANSACTION | |
| control field | 20230823095219.0 |
| 006 - FIXED-LENGTH DATA ELEMENTS--ADDITIONAL MATERIAL CHARACTERISTICS--GENERAL INFORMATION | |
| fixed length control field | m o d |
| 007 - PHYSICAL DESCRIPTION FIXED FIELD--GENERAL INFORMATION | |
| fixed length control field | cr cnu---unuuu |
| 008 - FIXED-LENGTH DATA ELEMENTS--GENERAL INFORMATION | |
| fixed length control field | 140407t20142014njua ob 001 0 eng d |
| 040 ## - CATALOGING SOURCE | |
| Original cataloging agency | DG1 |
| Language of cataloging | eng |
| Description conventions | rda |
| -- | pn |
| Transcribing agency | DG1 |
| Modifying agency | N$T |
| -- | IDEBK |
| -- | E7B |
| -- | CUS |
| -- | YDXCP |
| -- | OCLCF |
| -- | RECBK |
| -- | COO |
| -- | DEBSZ |
| -- | DEBBG |
| 019 ## - | |
| -- | 908035361 |
| -- | 961546403 |
| -- | 962572246 |
| 020 ## - INTERNATIONAL STANDARD BOOK NUMBER | |
| ISBN | 9781118837047 (electronic bk.) |
| 020 ## - INTERNATIONAL STANDARD BOOK NUMBER | |
| ISBN | 1118837045 (electronic bk.) |
| 020 ## - INTERNATIONAL STANDARD BOOK NUMBER | |
| ISBN | 9781118852453 (electronic bk.) |
| 020 ## - INTERNATIONAL STANDARD BOOK NUMBER | |
| ISBN | 1118852451 (electronic bk.) |
| 020 ## - INTERNATIONAL STANDARD BOOK NUMBER | |
| ISBN | 9781118837139 (electronic bk.) |
| 020 ## - INTERNATIONAL STANDARD BOOK NUMBER | |
| ISBN | 1118837134 (electronic bk.) |
| 020 ## - INTERNATIONAL STANDARD BOOK NUMBER | |
| Cancelled/invalid ISBN | 97811184836941 (print) |
| 020 ## - INTERNATIONAL STANDARD BOOK NUMBER | |
| Cancelled/invalid ISBN | 9781118836941 |
| 020 ## - INTERNATIONAL STANDARD BOOK NUMBER | |
| ISBN | 1118836944 |
| 020 ## - INTERNATIONAL STANDARD BOOK NUMBER | |
| ISBN | 9781118836941 |
| 020 ## - INTERNATIONAL STANDARD BOOK NUMBER | |
| ISBN | 9781306637930 |
| 020 ## - INTERNATIONAL STANDARD BOOK NUMBER | |
| ISBN | 1306637937 |
| 024 7# - OTHER STANDARD IDENTIFIER | |
| Standard number or code | 10.1002/9781118852453 |
| Source of number or code | doi |
| 029 1# - (OCLC) | |
| OCLC library identifier | NZ1 |
| System control number | 15500202 |
| 029 1# - (OCLC) | |
| OCLC library identifier | CHVBK |
| System control number | 334084865 |
| 029 1# - (OCLC) | |
| OCLC library identifier | CHBIS |
| System control number | 010442012 |
| 029 1# - (OCLC) | |
| OCLC library identifier | DEBSZ |
| System control number | 475024346 |
| 029 1# - (OCLC) | |
| OCLC library identifier | DEBBG |
| System control number | BV043396663 |
| 035 ## - SYSTEM CONTROL NUMBER | |
| System control number | (OCoLC)875884941 |
| Canceled/invalid control number | (OCoLC)908035361 |
| -- | (OCoLC)961546403 |
| -- | (OCoLC)962572246 |
| 050 #4 - LIBRARY OF CONGRESS CALL NUMBER | |
| Classification number | HD9715.A2 |
| 072 #7 - SUBJECT CATEGORY CODE | |
| Subject category code | BUS |
| Subject category code subdivision | 001010 |
| Source | bisacsh |
| 082 04 - DEWEY DECIMAL CLASSIFICATION NUMBER | |
| Classification number | 657/.869 |
| Edition number | 23 |
| 049 ## - LOCAL HOLDINGS (OCLC) | |
| Holding library | MAIN |
| 100 1# - MAIN ENTRY--PERSONAL NAME | |
| Personal name | Schleifer, Thomas C., |
| Relator term | author. |
| 245 10 - TITLE STATEMENT | |
| Title | Managing the profitable construction business : |
| Remainder of title | the contractor's guide to success and survival strategies / |
| Statement of responsibility, etc | Thomas C. Schleifer, Kenneth T. Sullivan, John M. Murdough. |
| 264 #1 - | |
| -- | Hoboken, New Jersey : |
| -- | Wiley, |
| -- | [2014] |
| 264 #4 - | |
| -- | ©2014 |
| 300 ## - PHYSICAL DESCRIPTION | |
| Extent | 1 online resource (xxv, 254 pages) : |
| Other physical details | illustrations |
| 336 ## - | |
| -- | text |
| -- | txt |
| -- | rdacontent |
| 337 ## - | |
| -- | computer |
| -- | c |
| -- | rdamedia |
| 338 ## - | |
| -- | online resource |
| -- | cr |
| -- | rdacarrier |
| 500 ## - GENERAL NOTE | |
| General note | "RSMeans." |
| 504 ## - BIBLIOGRAPHY, ETC. NOTE | |
| Bibliography, etc | Includes bibliographical references and index. |
| 505 0# - FORMATTED CONTENTS NOTE | |
| Formatted contents note | Part 1. Managing with Confidence -- Elements of Contractor Failure -- Increase in Project Size -- Change in Geographic Location -- Changing or Adding to Type of Construction Performed -- Replace Key Personnel -- Managerial Maturity -- Accounting Systems -- Evaluating Contract Profitability -- Equipment Cost Management -- Other Industry Concerns -- Part 2. Financial Management Issues -- Financial Analysis and Indicators -- Projection and Budgets -- The Effective Use of Credit -- Making Decisions in Volatile Conditions -- Success Factors for a Changing Industry -- Performance Measurement -- Appendix: Answer Key for Chapter Review Questions . |
| 588 ## - | |
| -- | Description based on online resource; title from PDF title page (Wiley, viewed April 7, 2014). |
| 526 ## - STUDY PROGRAM INFORMATION NOTE | |
| Department | Finance |
| 650 #0 - SUBJECT ADDED ENTRY--TOPICAL TERM | |
| Topical term or geographic name as entry element | Construction industry |
| General subdivision | Management. |
| 650 #0 - SUBJECT ADDED ENTRY--TOPICAL TERM | |
| Topical term or geographic name as entry element | Construction industry |
| General subdivision | Finance. |
| 650 #7 - SUBJECT ADDED ENTRY--TOPICAL TERM | |
| Topical term or geographic name as entry element | BUSINESS & ECONOMICS / Accounting / Financial |
| Source of heading or term | bisacsh |
| 650 #7 - SUBJECT ADDED ENTRY--TOPICAL TERM | |
| Topical term or geographic name as entry element | Construction industry |
| General subdivision | Finance. |
| Source of heading or term | fast |
| -- | (OCoLC)fst00876024 |
| 650 #7 - SUBJECT ADDED ENTRY--TOPICAL TERM | |
| Topical term or geographic name as entry element | Construction industry |
| General subdivision | Management. |
| Source of heading or term | fast |
| -- | (OCoLC)fst00876069 |
| 655 #4 - INDEX TERM--GENRE/FORM | |
| Genre/form data or focus term | Electronic books. |
| 655 #0 - INDEX TERM--GENRE/FORM | |
| Genre/form data or focus term | Electronic books. |
| 700 1# - ADDED ENTRY--PERSONAL NAME | |
| Personal name | Sullivan, Kenneth T., |
| Relator term | author. |
| 700 1# - ADDED ENTRY--PERSONAL NAME | |
| Personal name | Murdough, John M., |
| Relator term | author. |
| 776 08 - ADDITIONAL PHYSICAL FORM ENTRY | |
| Display text | Print version: |
| Main entry heading | Schleifer, Thomas C. |
| Title | Managing the profitable construction business. |
| Place, publisher, and date of publication | Hoboken, N.J. : John Wiley & Sons, c2014 |
| International Standard Book Number | 9781118836941 |
| Record control number | (OCoLC)859580835 |
| 856 40 - ELECTRONIC LOCATION AND ACCESS | |
| Uniform Resource Identifier | <a href="http://dx.doi.org/10.1002/9781118852453">http://dx.doi.org/10.1002/9781118852453</a> |
| Public note | Wiley Online Library |
| 994 ## - | |
| -- | 92 |
| -- | DG1 |
No items available.